00449nam a2200157Ia 4500008004100000020001500041050001100056050001500067100003300082245001900115245003100134245005400165260003700219260000900256650002600265160319s9999 xx 000 0 und d a9716300662 a920.71 bB219i 1997 aBantug, Asuncion Lopez Rizal aIndio Bravo :  bthe story of Jose Rizal /  cAsuncion Lopez-Rizal Bantug ; drawings by Bencab. bTahanan Books for Young Readers  c1997 aRizal y Alonso, Jose.